000 00486nam a22001937a 4500
003 OSt
005 20160425130116.0
008 160425b xxu||||| |||| 00| 0 eng d
020 _a0070524297
040 _c040a
082 _a530
_bMCG 1997
100 _aMcGraw Hill
_98220
245 _aMcGraw-Hill dictionary of physics /
250 _a2nd.ed
260 _aNew York
_bMcGraw-Hill
_c1997
300 _axiii, 498p;
_c10 cm.
650 _aPhysics dictionary
_98221
942 _2ddc
_cSLOAN
999 _c3719
_d3719